BIM for construction clients (Record no. 115819)
[ view plain ]
| 000 -LEADER | |
|---|---|
| fixed length control field | 01102cam a22002175a 4500 |
| 001 - CONTROL NUMBER | |
| control field | L159343 |
| 008 - FIXED-LENGTH DATA ELEMENTS--GENERAL INFORMATION | |
| fixed length control field | 160915s2016 xxk f 000 0 eng d |
| 020 ## - INTERNATIONAL STANDARD BOOK NUMBER | |
| International Standard Book Number | 9781859466070 |
| 035 ## - SYSTEM CONTROL NUMBER | |
| System control number | (Sirsi) u159343 |
| 041 0# - LANGUAGE CODE | |
| Language code of text/sound track or separate title | eng |
| 050 04 - LIBRARY OF CONGRESS CALL NUMBER | |
| Classification number | 692.8 |
| 100 1# - MAIN ENTRY--PERSONAL NAME | |
| Personal name | Saxon, Richard |
| 245 00 - TITLE STATEMENT | |
| Title | BIM for construction clients |
| 260 ## - PUBLICATION, DISTRIBUTION, ETC. | |
| Place of publication, distribution, etc. | London |
| Name of publisher, distributor, etc. | RIBA Publshing |
| Date of publication, distribution, etc. | 2016 |
| 520 ## - SUMMARY, ETC. | |
| Summary, etc. | Explains the basic principles of Building Information Modelling (BIM) and how it came to be adopted by all UK central government clients by April 2016. Looks at its use from the clients point of view with examples and case studies from developers, local authorities and universities. It looks at how it affects the contractor client relationship. Concludes with a look at setting out client requirements, planning the work, appointing the team, completing the initial brief, concept and design development, technical design, construction and handover and the operational life of the building. |
| 590 ## - LOCAL NOTE (RLIN) | |
| Local note | NTK |
| 650 24 - SUBJECT ADDED ENTRY--TOPICAL TERM | |
| Topical term or geographic name entry element | BIM |
| 9 (RLIN) | 6219 |
| 651 #4 - SUBJECT ADDED ENTRY--GEOGRAPHIC NAME | |
| Geographic name | United Kingdom |
| Chronological subdivision | |
| 690 ## - LOCAL SUBJECT ADDED ENTRY--TOPICAL TERM (OCLC, RLIN) | |
| Topical term or geographic name as entry element | Quantity surveying |
| 9 (RLIN) | 6263 |
| 942 ## - ADDED ENTRY ELEMENTS (KOHA) | |
| Suppress in OPAC | 0 |
| Withdrawn status | Lost status | Source of classification or shelving scheme | Damaged status | Not for loan | Home library | Current library | Shelving location | Date acquired | Total Checkouts | Full call number | Barcode | Date last seen | Copy number | Price effective from | Koha item type |
|---|---|---|---|---|---|---|---|---|---|---|---|---|---|---|---|
| Dewey Decimal Classification | London | London | Books | 15/09/2016 | 692.8 SAX | 30078317 | 06/08/2019 | 1 | 06/08/2019 | Book |